000 00886cam a22001935a 4500
001 L156299
008 120511s2012 xxk f 000 0 eng d
035 _a(Sirsi) u156299
041 0 _aeng
110 2 _aUnited Kingdom
_bCabinet Office
_95270
245 0 4 _aThe Queen's speech 2012
_bBriefing notes
_h[electronic resource]
260 _c2012
520 _aGives briefing notes on each of the announcements, bills and draft bills in the Queen's speech on 9 May 2012. Includes information on the forthcoming Energy Bill which plans to reform the electricity market to ensure secure, clean and affordable electricity.
590 _aKA NTK
651 4 _aUnited Kingdom
690 _aEnergy
_96237
856 4 0 _uhttps://www.cabinetoffice.gov.uk/sites/default/files/resources/Queens-Speech-2012-briefing-notes.pdf
_zView the item free of charge at www.cabinetoffice.gov.uk
942 _n0
999 _c114165
_d114165